Outline studies on I John. (Record no. 10241)

000 -LEADER
fixed length control field 00531nam a2200181 a 4500
001 - CONTROL NUMBER
control field :::00008026$&:&@@
003 - CONTROL NUMBER IDENTIFIER
control field OkBaRHE
005 - DATE AND TIME OF LATEST TRANSACTION
control field 20001031101428.0
008 - FIXED-LENGTH DATA ELEMENTS--GENERAL INFORMATION
fixed length control field s1963 j 000 0 eng u
040 ## - CATALOGING SOURCE
Transcribing agency
100 1# - MAIN ENTRY--PERSONAL NAME
Personal name Torrey, R. A.
245 10 - TITLE STATEMENT
Title Outline studies on I John.
260 ## - PUBLICATION, DISTRIBUTION, ETC. (IMPRINT)
Place of publication, distribution, etc Grand Rapids, Michigan
Name of publisher, distributor, etc Zondervan
Date of publication, distribution, etc 1963
300 ## - PHYSICAL DESCRIPTION
Extent 84 p.
520 ## - SUMMARY, ETC.
Summary, etc A previously unpublished series.
942 ## - ADDED ENTRY ELEMENTS (KOHA)
Source of classification or shelving scheme
Koha item type Books
Copies
Source of classification or shelving scheme Permanent Location Shelving location Date last seen Full call number Lost status Damaged status Withdrawn status Not for loan Copy number Barcode Koha item type Date acquired Price effective from
 RHEMA Bible Training CollegeGeneral Stacks2018-04-03BS 2805 .T6    18026Books2010-04-142010-04-14